Germany still Europe's largest investor in property (Record no. 71572)
[ view plain ]
| 000 -LEADER | |
|---|---|
| fixed length control field | 00918cam a2200217 4500 |
| 001 - CONTROL NUMBER | |
| control field | WB3842-13 |
| 008 - FIXED-LENGTH DATA ELEMENTS--GENERAL INFORMATION | |
| fixed length control field | 021114n2002 000 0 eng u |
| 035 ## - SYSTEM CONTROL NUMBER | |
| System control number | (Sirsi) u120467 |
| 245 ## - TITLE STATEMENT | |
| Title | Germany still Europe's largest investor in property |
| 260 ## - PUBLICATION, DISTRIBUTION, ETC. | |
| Date of publication, distribution, etc. | 2002 |
| 490 ## - SERIES STATEMENT | |
| Series statement | DTZ Press Release |
| Volume/sequential designation | 14 November 2002 (2) |
| 520 ## - SUMMARY, ETC. | |
| Summary, etc. | DTZ research reveals that German overseas investment in non-domestic real estate accounted for 27% of all cross-border activity in the first half of 2002. DTZ's "German investment in European real estate" provides an analysis of activity by type of purchaser, sector and location. http://www.dtz.com/WWW/DTZGlobal.nsf/catindlookup/News?opendocument&cat=News&lang=1 |
| 590 ## - LOCAL NOTE (RLIN) | |
| Local note | WB |
| 650 ## - SUBJECT ADDED ENTRY--TOPICAL TERM | |
| Topical term or geographic name entry element | REAL ESTATE |
| 650 ## - SUBJECT ADDED ENTRY--TOPICAL TERM | |
| Topical term or geographic name entry element | GERMANY |
| 650 ## - SUBJECT ADDED ENTRY--TOPICAL TERM | |
| Topical term or geographic name entry element | EUROPE |
| 650 ## - SUBJECT ADDED ENTRY--TOPICAL TERM | |
| Topical term or geographic name entry element | CROSS-BORDER PROPERTY DEALS |
| 650 ## - SUBJECT ADDED ENTRY--TOPICAL TERM | |
| Topical term or geographic name entry element | PROPERTY-COMMERCIAL PROPERTY |
| 690 ## - LOCAL SUBJECT ADDED ENTRY--TOPICAL TERM (OCLC, RLIN) | |
| Topical term or geographic name as entry element | INVESTMENT |
| 942 ## - ADDED ENTRY ELEMENTS (KOHA) | |
| Suppress in OPAC | 0 |
| Withdrawn status | Lost status | Source of classification or shelving scheme | Damaged status | Not for loan | Home library | Current library | Shelving location | Date acquired | Total Checkouts | Full call number | Barcode | Date last seen | Copy number | Price effective from | Koha item type |
|---|---|---|---|---|---|---|---|---|---|---|---|---|---|---|---|
| Dewey Decimal Classification | London | London | News article | 14/11/2002 | WB3842-13 | 120467-1001 | 06/08/2019 | 1 | 06/08/2019 | News article |